[Event "SR 3. liga A2 2007/2008"]
[Site "?"]
[Date "2008.01.13"]
[Round "6"]
[White "Kantor, Reka"]
[Black "Csefalvay, Stefan"]
[Result "1-0"]
[WhiteElo "1780"]
[BlackElo "1948"]
[PlyCount "91"]
[EventDate "2007.??.??"]

1. Nf3 d5 2. d4 Nf6 3. g3 e6 4. Bg2 c5 5. b3 cxd4 6. Nxd4 Nc6 7. Bb2 Be7 8. O-O
O-O 9. Nd2 Nxd4 10. Bxd4 Bd7 11. c4 Bc6 12. Bb2 Rc8 13. Rc1 dxc4 14. Nxc4 Bxg2
15. Kxg2 Qd5+ 16. Qxd5 Nxd5 17. Rfd1 b6 18. e4 Nf6 19. Bxf6 gxf6 20. Rd7 Bc5
21. Rcd1 b5 22. Nd6 Rb8 23. Nb7 Bb6 24. a4 bxa4 25. bxa4 Rfc8 26. a5 Bc5 27.
Nxc5 Rxc5 28. Rxa7 Rcc8 29. a6 Ra8 30. Rxa8 Rxa8 31. Ra1 Ra7 32. f4 Kf8 33. Kf3
Ke7 34. Kg4 Kf8 35. Ra5 Kg7 36. Kh5 h6 37. h4 f5 38. exf5 exf5 39. g4 fxg4 40.
Kxg4 Kf6 41. f5 Kg7 42. Kf4 Kf6 43. Ra4 Ke7 44. Ke5 f6+ 45. Kd5 Kd7 46. h5 1-0

[Event "SR 3. liga A2 2007/2008"]
[Site "?"]
[Date "2008.01.13"]
[Round "6"]
[White "Samko, Karol"]
[Black "Puobis, Jozef"]
[Result "0-1"]
[WhiteElo "2085"]
[BlackElo "2021"]
[PlyCount "78"]
[EventDate "2007.??.??"]

1. e4 e5 2. Nf3 Nc6 3. Nc3 Nf6 4. Bb5 Bb4 5. O-O O-O 6. d3 Nd4 7. Nxd4 exd4 8.
Ne2 c6 9. Bc4 a5 10. a3 Bc5 11. Bg5 h6 12. Bh4 b5 13. Bb3 a4 14. Ba2 g5 15. Bg3
d6 16. f4 Ng4 17. Qd2 Be6 18. Bf2 Qf6 19. fxg5 Qe5 20. Bg3 Qxg5 21. Qxg5+ hxg5
22. Bf2 Bxa2 23. Rxa2 Nxf2 24. Rxf2 Rae8 25. Rf5 Re5 26. Ng3 Rfe8 $11 27. Ra1
Rxf5 28. Nxf5 d5 29. exd5 cxd5 30. Kf1 Re5 31. Nh6+ Kg7 $11 32. Ng4 Rf5+ 33.
Ke2 Bd6 34. h3 Bg3 35. c3 Rf4 36. cxd4 f5 37. Ne3 Rf2+ 38. Kd1 Bf4 39. Nxf5+
Kf6 0-1

[Event "SR 3. liga A2 2007/2008"]
[Site "?"]
[Date "2008.01.13"]
[Round "6"]
[White "Bott, Tamas"]
[Black "Csiba, Peter"]
[Result "1/2-1/2"]
[WhiteElo "1827"]
[BlackElo "1987"]
[PlyCount "31"]
[EventDate "2007.??.??"]

1. e4 e5 2. Nf3 Nc6 3. d4 exd4 4. Bc4 Bc5 5. c3 dxc3 6. Bxf7+ Kxf7 7. Qd5+ Ke8
8. Qh5+ Kf8 9. Qxc5+ Qe7 10. Qxe7+ Ngxe7 11. Nxc3 d5 12. Nxd5 Nxd5 13. exd5 Nb4
14. O-O Nxd5 15. Rd1 c6 16. b3 $11 1/2-1/2

[Event "SR 3. liga A2 2007/2008"]
[Site "?"]
[Date "2008.01.13"]
[Round "6"]
[White "Ivan, Imrich st"]
[Black "Kosar, Mikulas st"]
[Result "1-0"]
[WhiteElo "1870"]
[BlackElo "1902"]
[PlyCount "31"]
[EventDate "2007.??.??"]

1. e4 e5 2. Nc3 Nf6 3. f4 exf4 4. e5 Ng8 5. Nf3 g6 6. d4 Bg7 7. Bxf4 Bh6 8. Qd2
Bxf4 9. Qxf4 Qe7 10. O-O-O Qf8 11. Nd5 Kd8 12. Ng5 f5 13. exf6 d6 14. f7 Ne7
15. Qf6 Nd7 16. Ne6# 1-0

[Event "SR 3. liga A2 2007/2008"]
[Site "?"]
[Date "2008.01.13"]
[Round "6"]
[White "Kosar, Mikulas ml"]
[Black "Magyarics, Jozef"]
[Result "1-0"]
[WhiteElo "1935"]
[BlackElo "1567"]
[PlyCount "73"]
[EventDate "2007.??.??"]

1. e4 e5 2. Nf3 Nc6 3. d4 exd4 4. Bc4 Nf6 5. e5 d5 6. Bb5 Ne4 7. Nxd4 Bd7 8.
Bxc6 bxc6 9. O-O Bc5 10. Be3 O-O 11. f3 Ng5 12. Nc3 Re8 13. Qd3 Rxe5 14. f4
Rxe3 15. Qxe3 Ne6 16. Nce2 Qf6 17. c3 Re8 18. Qd2 Bd6 19. Rae1 Qh6 20. Nf5 Bc5+
21. Kh1 Qf6 22. Ned4 Bb6 23. Nxe6 Rxe6 24. Rxe6 Bxe6 25. Nd4 Bg4 26. Re1 h6 27.
Qe3 c5 28. Qe8+ Kh7 29. Nc6 Qxf4 30. Ne7 h5 31. Qg8+ Kh6 32. Qh8+ Kg5 33. Qxg7+
Kh4 34. g3+ Kh3 35. gxf4 Bf3+ 36. Kg1 c4+ 37. Kf1 1-0

[Event "SR 3. liga A2 2007/2008"]
[Site "?"]
[Date "2008.01.13"]
[Round "6"]
[White "Kovacocy, Pavel"]
[Black "Szitasi, Janos"]
[Result "1-0"]
[WhiteElo "2244"]
[BlackElo "1987"]
[PlyCount "93"]
[EventDate "2007.??.??"]

1. e4 e5 2. Nf3 Nc6 3. Bb5 Bc5 4. O-O d6 5. c3 a6 6. Bxc6+ bxc6 7. d4 exd4 8.
cxd4 Bb6 9. Qc2 Ne7 10. Bg5 f6 11. Be3 O-O 12. Nbd2 Bg4 13. Rfe1 Ba5 14. b4 Bb6
15. h3 Bh5 16. g4 Bg6 17. Nh4 Qe8 18. f4 d5 19. Nxg6 Qxg6 20. f5 Qf7 21. e5
fxe5 22. dxe5 d4 23. Bf2 h5 24. Qc4 hxg4 25. hxg4 Qxc4 26. Nxc4 c5 27. Rac1
Rac8 28. bxc5 Bxc5 29. Red1 Nxf5 30. gxf5 Rxf5 31. Bxd4 Rg5+ 32. Kf2 Rf8+ 33.
Ke3 Rg3+ 34. Ke4 Rg4+ 35. Ke3 Rg3+ 36. Ke2 Rg2+ 37. Kd3 Rd8 38. Ke3 Be7 39. Rg1
Bg5+ 40. Ke4 Re2+ 41. Kd3 Rxa2 42. Rxg5 c5 43. Nd6 cxd4 44. Rc7 Ra3+ 45. Kxd4
Ra4+ 46. Kd5 Ra5+ 47. Ke6 1-0

[Event "SR 3. liga A2 2007/2008"]
[Site "?"]
[Date "2008.01.13"]
[Round "6"]
[White "Ollos, Ladislav"]
[Black "Cechovic, Stefan"]
[Result "0-1"]
[WhiteElo "1995"]
[BlackElo "2164"]
[PlyCount "42"]
[EventDate "2007.??.??"]

1. e4 c5 2. Nf3 Nc6 3. d4 cxd4 4. Nxd4 Nf6 5. Nc3 d6 6. Be2 g6 7. f3 Bg7 8. Be3
O-O 9. Qd2 Re8 10. g4 Bd7 11. h4 h5 12. Nd5 hxg4 13. Nxf6+ exf6 14. O-O-O gxf3
15. Bxf3 Ne5 16. Qg2 Nxf3 17. Qxf3 $11 Qe7 18. Bf4 Qxe4 19. Qg3 Rac8 20. h5 g5
21. Bxd6 Bg4 0-1

[Event "SR 3. liga A2 2007/2008"]
[Site "?"]
[Date "2008.01.13"]
[Round "6"]
[White "Sarmir, Milos"]
[Black "Varga, Alexander"]
[Result "1-0"]
[WhiteElo "2112"]
[BlackElo "1903"]
[PlyCount "79"]
[EventDate "2007.??.??"]

1. e4 e6 2. d4 d5 3. exd5 exd5 4. Nf3 Bg4 5. Be2 Nf6 6. h3 Bh5 7. Ne5 Bxe2 8.
Qxe2 Be7 9. Qb5+ Nbd7 10. Qxb7 Qc8 11. Qxc8+ Rxc8 12. Nc6 a6 13. O-O Nb8 14.
Nxe7 Kxe7 15. Bg5 Nbd7 16. Nc3 Kd6 17. Bf4+ Kc6 18. Rfe1 Rhe8 19. Kf1 Ng8 20.
Rxe8 Rxe8 21. Re1 Rb8 22. b3 h6 23. Na4 Rc8 24. Nb2 Ndf6 25. Nd3 Rf8 26. Be5 a5
27. Nc5 Rc8 28. Ke2 Ne8 29. Kd3 Rb8 30. c4 dxc4+ 31. bxc4 Rb2 32. d5+ Kxc5 33.
Bxb2 Nd6 34. Bd4+ Kb4 35. Rb1+ Ka3 36. c5 Ne8 37. Kc2 Ngf6 38. Bb2+ Ka4 39.
Bxf6 Nxf6 40. d6 1-0

[Event "SR 3. liga A2 2007/2008"]
[Site "?"]
[Date "2008.01.13"]
[Round "6"]
[White "Arpa, Zoltan"]
[Black "Liptak, Tomas"]
[Result "1-0"]
[WhiteElo "1843"]
[BlackElo "1987"]
[PlyCount "89"]
[EventDate "2007.??.??"]

1. d4 Nf6 2. c4 d5 3. Nc3 c6 4. Bg5 e6 5. e3 Nbd7 6. Nf3 Be7 7. Bd3 dxc4 8.
Bxc4 b5 9. Bb3 Bb7 10. O-O O-O 11. Rc1 a6 12. Bc2 Qb6 13. Qd3 Rfd8 14. Ne4 g6
15. Qe2 Nd5 16. Bxe7 Nxe7 17. Nfd2 e5 18. dxe5 Nxe5 19. Bb3 Nd3 20. Rc3 Nb4 21.
Qf3 Ned5 22. Nf6+ Kg7 23. Nxd5 Nxd5 24. Bxd5 Rxd5 25. Ne4 c5 26. Qf4 Rad8 27.
Ng5 Rf5 28. Qh4 h6 29. Ne4 Rd7 30. Rcc1 Qc6 31. f3 Rfd5 32. g4 c4 33. g5 hxg5
34. Nxg5 Qf6 35. Qh7+ Kf8 36. Qh6+ Ke8 37. Nh7 Qh8 38. Qh4 R7d6 39. e4 Rd2 40.
e5 Qxe5 41. Rce1 Re2 42. Rxe2 Qxe2 43. Nf6+ Kf8 44. Qh8+ Ke7 45. Qe8+ 1-0

[Event "SR 3. liga A2 2007/2008"]
[Site "?"]
[Date "2008.01.13"]
[Round "6"]
[White "Liptak, Dusan"]
[Black "Both, Lajos"]
[Result "1-0"]
[WhiteElo "1729"]
[BlackElo "1951"]
[PlyCount "107"]
[EventDate "2007.??.??"]

1. d4 Nf6 2. c4 g6 3. Nc3 d5 4. cxd5 Nxd5 5. e4 Nxc3 6. bxc3 Bg7 7. Nf3 O-O 8.
Be3 c5 9. Rc1 Qa5 10. Qd2 cxd4 11. cxd4 Qxd2+ 12. Nxd2 Nc6 13. d5 Ne5 14. f4
Nd7 15. Rc7 a6 16. e5 Re8 17. Be2 b5 18. Bf3 Rb8 19. Kf2 g5 20. g3 gxf4 21.
gxf4 Rb7 22. Rhc1 Rxc7 23. Rxc7 Nxe5 24. fxe5 Bxe5 25. Rc6 Bxh2 26. Rh6 Bd6 27.
Ne4 Be5 28. d6 Bf5 29. dxe7 Rxe7 30. Rxa6 Bg6 31. Ra8+ Kg7 32. Bc5 Bxe4 33.
Bxe7 Bxa8 34. Bxa8 h5 35. Bc6 f5 36. Bxb5 Kf7 37. Bh4 Bc3 38. Kf3 Bd2 39. a4
Ke6 40. Be8 Ke5 41. Bxh5 Kd5 42. Be8 Kc5 43. Bd8 f4 44. Bg5 Kb6 45. Bxf4 Bb4
46. Ke4 Be1 47. Kd3 Bb4 48. Bd2 Be7 49. a5+ Ka6 50. Bf7 Bd8 51. Bc4+ Ka7 52.
Be3+ Kb7 53. a6+ Kc6 54. a7 1-0

[Event "SR 3. liga A2 2007/2008"]
[Site "?"]
[Date "2008.01.13"]
[Round "6"]
[White "Olos, Stanislav"]
[Black "Lelkes, Geza"]
[Result "1-0"]
[WhiteElo "1565"]
[BlackElo "1795"]
[PlyCount "61"]
[EventDate "2007.??.??"]

1. e4 e5 2. Nf3 Nc6 3. Bb5 Nge7 4. Nc3 a6 5. Ba4 b5 6. Bb3 h6 7. d3 Bb7 8. O-O
Na5 9. Nxe5 Nxb3 10. axb3 d6 11. Nf3 Ng6 12. Re1 Qf6 13. Be3 Be7 14. Bd4 Ne5
15. Bxe5 dxe5 16. Nd5 Bxd5 17. exd5 Bd6 18. d4 e4 19. Rxe4+ Be7 20. Qe2 Kf8 21.
Re1 Re8 22. Ne5 Qd6 23. Nc6 f5 24. Re6 Qxd5 25. Nxe7 Rxe7 26. Rxe7 Kg8 27. Qe6+
Qxe6 28. R1xe6 Kh7 29. Re8 a5 30. Rxh8+ Kxh8 31. Rc6 1-0

[Event "SR 3. liga A2 2007/2008"]
[Site "?"]
[Date "2008.01.13"]
[Round "6"]
[White "Kalmar, Tamas"]
[Black "Prigoda, Lubos"]
[Result "0-1"]
[WhiteElo "1529"]
[BlackElo "1415"]
[PlyCount "58"]
[EventDate "2007.??.??"]

1. d4 Nf6 2. c4 d5 3. Nc3 e6 4. Bg5 Be7 5. e3 O-O 6. Nf3 b6 7. Qc2 Ba6 8. Nd2
c6 9. Bd3 g6 10. O-O Nbd7 11. Rac1 Rc8 12. a3 Bd6 13. Qa4 Nb8 14. Qc2 Bxh2+ 15.
Kh1 Bd6 16. g3 Be7 17. Kg2 Qc7 18. Rh1 Nbd7 19. Rh3 dxc4 20. Nxc4 Bxc4 21. Bxc4
c5 22. Nb5 Qb7+ 23. f3 a6 24. Bxe6 fxe6 25. Rxh7 Kxh7 26. Rh1+ Kg7 27. Bh6+ Kf7
28. Bg5 axb5 29. Rh6 Rg8 0-1

[Event "SR 3. liga A2 2007/2008"]
[Site "?"]
[Date "2008.01.13"]
[Round "6"]
[White "Pagerka, Martin"]
[Black "Pobjecky, Ivan"]
[Result "1/2-1/2"]
[WhiteElo "2099"]
[BlackElo "2040"]
[PlyCount "144"]
[EventDate "2007.??.??"]

1. e4 c5 2. Nf3 Nc6 3. d4 cxd4 4. Nxd4 Nf6 5. Nc3 d6 6. Be2 g6 7. Be3 Bg7 8.
O-O O-O 9. Qd2 Ng4 10. Bxg4 Bxg4 11. Nd5 Bd7 12. Rfe1 Nxd4 13. Bxd4 Bxd4 14.
Qxd4 Bc6 15. Ne3 Qa5 16. Nd5 Rfe8 17. b4 Qd8 18. c4 b6 19. Re3 Rc8 20. Rh3 Bd7
21. Ra3 Ra8 22. e5 Be6 23. exd6 Bxd5 24. Qxd5 exd6 25. Rd1 Qc7 26. h3 Rac8 27.
Rc3 Re5 28. Qd4 d5 29. c5 Rce8 30. Rcc1 bxc5 31. bxc5 Rd8 32. a3 Re4 33. Qd3
Re6 34. Qb3 Re5 35. c6 d4 36. Qc4 Re6 37. Rxd4 Rde8 38. Rdd1 Rc8 39. Rd7 Qxc6
40. Qxc6 Rcxc6 41. Rxc6 Rxc6 42. Rxa7 Rc1+ 43. Kh2 Ra1 44. Kg3 Ra2 45. Kf3 Kg7
46. Ra6 Kf8 47. g4 h6 48. h4 Kg7 49. h5 gxh5 50. gxh5 Kh7 51. Kg3 Kg7 52. a4
Kh7 53. a5 Kg7 54. Ra7 Kf6 55. f4 Ra3+ 56. Kg4 Ra4 57. Ra6+ Kg7 58. Kf5 Ra1 59.
Ra8 Rh1 60. Ke5 Rxh5+ 61. f5 Rh1 62. a6 Re1+ 63. Kd5 h5 64. a7 Ra1 65. Ke4 Kf6
66. Rh8 Ra4+ 67. Kf3 Rxa7 68. Rxh5 Ra5 69. Kf4 Ra4+ 70. Kf3 Ra5 71. Kf4 Ra4+
72. Kf3 Ra3+ 1/2-1/2

[Event "SR 3. liga A2 2007/2008"]
[Site "?"]
[Date "2008.01.13"]
[Round "6"]
[White "Furjel, Andrej"]
[Black "Pericka, Tomas"]
[Result "1/2-1/2"]
[WhiteElo "2033"]
[BlackElo "1895"]
[PlyCount "28"]
[EventDate "2007.??.??"]

1. Nf3 c5 2. g3 Nc6 3. Bg2 g6 4. c4 Bg7 5. Nc3 Nf6 6. O-O d6 7. d4 cxd4 8. Nxd4
Bd7 9. h3 Qc8 10. Nxc6 bxc6 11. Kh2 Rb8 12. Qd3 h5 13. Ne4 O-O 14. Nc3 Be6 $11
1/2-1/2

[Event "SR 3. liga A2 2007/2008"]
[Site "?"]
[Date "2008.01.13"]
[Round "6"]
[White "Hanzluvka, Peter"]
[Black "Mihalik, Anton"]
[Result "1/2-1/2"]
[WhiteElo "2052"]
[BlackElo "1981"]
[PlyCount "134"]
[EventDate "2007.??.??"]

1. e4 c5 2. Nf3 d6 3. d4 cxd4 4. Nxd4 Nf6 5. Nc3 a6 6. Bc4 e6 7. O-O Be7 8. Bb3
O-O 9. Be3 b5 10. a3 Qc7 11. Nde2 Nbd7 12. Ng3 Bb7 13. Ba2 Nc5 14. f3 Rac8 15.
Bg5 Ncd7 16. Qe1 Ne5 17. Qe2 Rfd8 18. Rac1 Rd7 19. Kh1 h6 20. Bxf6 Bxf6 21. Nh5
Be7 22. f4 Ng6 23. f5 exf5 24. Rxf5 Bg5 25. Rcf1 Rf8 26. Qf2 Re7 27. Qd4 Ne5
28. Qf2 Bc8 29. Nd5 Qb7 30. Nxe7+ Qxe7 31. Qg3 Bxf5 32. exf5 Bf6 33. Nf4 Nc4
34. Nd5 Qd8 35. b4 Be5 36. Qd3 Nb6 37. Ne3 Qh4 38. h3 Qg3 39. Ng4 Qxd3 40. cxd3
Bb2 41. Bb3 Bxa3 42. Ra1 Bxb4 43. Rxa6 Bc5 44. g3 h5 45. Nh2 Re8 46. Nf3 Re3
47. Ng5 d5 48. d4 Bxd4 49. Bxd5 Re7 50. Bb3 Kf8 51. Nh7+ Ke8 52. f6 Rb7 53.
fxg7 Bxg7 54. Ng5 Bd4 55. Ne4 Ke7 56. Bxf7 b4 57. Bb3 Rc7 58. Ra2 Rc1+ 59. Kg2
Nc4 60. Ra4 Ne3+ 61. Kf3 Nc4 62. Rxb4 Ne5+ 63. Ke2 Bc5 64. Nxc5 Rxc5 65. Re4
Kf6 66. Bd1 Rc3 67. Kf2 Nd3+ 1/2-1/2

[Event "SR 3. liga A2 2007/2008"]
[Site "?"]
[Date "2008.01.13"]
[Round "6"]
[White "Curidlo, Jan"]
[Black "Diviak, Rudolf"]
[Result "0-1"]
[WhiteElo "2042"]
[BlackElo "1899"]
[PlyCount "114"]
[EventDate "2007.??.??"]

1. e4 e5 2. Nf3 Nc6 3. Bb5 a6 4. Ba4 Nf6 5. O-O b5 6. Bb3 Be7 7. Re1 d6 8. h3
O-O 9. c3 Na5 10. Bc2 c5 11. d4 Qc7 12. Nbd2 Bb7 13. Nf1 Rfe8 14. Ng3 Nc4 15.
b3 Nb6 16. Bb2 Bf8 17. Qd2 Rad8 18. Rad1 Nc8 19. Bb1 Ne7 20. Qe3 Ng6 21. dxe5
dxe5 22. c4 Nd7 23. Rd2 Nb8 24. Red1 Nc6 25. cxb5 Rxd2 26. Rxd2 axb5 27. Qc3
Qc8 28. Ne1 Nd4 29. Qe3 Nf4 30. Kh2 g6 31. Rd1 h5 32. Nf3 Bh6 33. Nxd4 exd4 34.
Qe1 h4 35. Nf1 Qb8 36. Kg1 Qe5 37. Bc1 Qg5 38. Bxf4 Qxf4 39. f3 b4 40. Bd3 Kh7
41. Qf2 Qf6 42. Kh1 Bf4 43. Nh2 Kg7 44. Nf1 Qg5 45. Re1 Re5 46. Re2 Bc8 47. Nh2
Be3 48. Qe1 Bf4 49. Qf2 Bg3 50. Qg1 Qf4 51. Nf1 Rg5 52. Nxg3 Rxg3 53. Qf2 Bxh3
54. gxh3 Rxf3 55. Qg2 Rxd3 56. Re1 Rd2 57. Qg1 Qf3+ 0-1

[Event "SR 3. liga A2 2007/2008"]
[Site "?"]
[Date "2008.01.13"]
[Round "6"]
[White "Karlik, L."]
[Black "Bincik, Pavol"]
[Result "1/2-1/2"]
[WhiteElo "1839"]
[BlackElo "1889"]
[PlyCount "30"]
[EventDate "2007.??.??"]

1. d4 d5 2. Nf3 Nf6 3. Bf4 c6 4. e3 Bf5 5. Bd3 Bxd3 6. Qxd3 e6 7. Nbd2 Be7 8.
O-O Nbd7 9. e4 dxe4 10. Nxe4 Nxe4 11. Qxe4 Nf6 12. Qe2 O-O 13. Rad1 Qa5 14. a3
Rfe8 15. Rd3 c5 1/2-1/2

[Event "SR 3. liga A2 2007/2008"]
[Site "?"]
[Date "2008.01.13"]
[Round "6"]
[White "Gono, Michal"]
[Black "Cajka, Tibor"]
[Result "1-0"]
[WhiteElo "1682"]
[BlackElo "1830"]
[PlyCount "87"]
[EventDate "2007.??.??"]

1. d4 Nf6 2. c4 e6 3. Nc3 Bb4 4. Qc2 O-O 5. Bg5 h6 6. Bh4 d5 7. e3 c6 8. a3
Bxc3+ 9. Qxc3 Nbd7 10. Nf3 dxc4 11. Bxc4 Qb6 12. Bxf6 Nxf6 13. O-O Nd5 14. Qc2
Re8 15. h3 Qd8 16. Ne5 Re7 17. Qe4 Bd7 18. Bd3 Nf6 19. Qh4 Rc8 20. Rac1 Be8 21.
f4 Nd7 22. Rf3 f5 23. Rg3 Nxe5 24. fxe5 Kh8 25. Rf1 Rd7 26. Qxd8 Rdxd8 27. Bc4
Bf7 28. b4 Kh7 29. Rgf3 Rf8 30. e4 g6 31. g4 Kg7 32. exf5 gxf5 33. gxf5 exf5
34. Bxf7 Rxf7 35. Rxf5 Rxf5 36. Rxf5 Rd8 37. Rf4 Kg6 38. Kf2 Rd7 39. Ke3 Kg7
40. Ke4 Kg6 41. e6 Rd8 42. Ke5 Rd5+ 43. Ke4 Rd6 44. d5 1-0

[Event "SR 3. liga A2 2007/2008"]
[Site "?"]
[Date "2008.01.13"]
[Round "6"]
[White "Danada, Ondrej"]
[Black "Orvisky, Vladimir"]
[Result "0-1"]
[WhiteElo "1752"]
[BlackElo "1880"]
[PlyCount "56"]
[EventDate "2007.??.??"]

1. e4 Nf6 2. Nc3 d5 3. e5 d4 4. exf6 dxc3 5. fxg7 cxd2+ 6. Qxd2 Qxd2+ 7. Bxd2
Bxg7 8. O-O-O Bf5 9. Nf3 Nd7 10. Bg5 Nf6 11. Nd4 Bg6 12. Bb5+ Kf8 13. Rhe1 a6
14. Bd3 c5 15. Nf5 e6 16. Nd6 b5 17. h3 c4 18. Bxg6 hxg6 19. b3 c3 20. a4 Nd5
21. Be3 Nxe3 22. Rxe3 Bh6 23. Kb1 Bxe3 24. fxe3 bxa4 25. bxa4 Rb8+ 26. Ka2 Ke7
27. Nc4 Rhc8 28. Nd6 Rd8 0-1

[Event "SR 3. liga A2 2007/2008"]
[Site "?"]
[Date "2008.01.13"]
[Round "6"]
[White "Matejovic, Ludovit"]
[Black "Skapik, Branislav"]
[Result "0-1"]
[WhiteElo "1581"]
[BlackElo "1797"]
[PlyCount "70"]
[EventDate "2007.??.??"]

1. e4 e5 2. Nf3 Nc6 3. Bc4 Bc5 4. Nc3 Nf6 5. d3 a6 6. Bg5 d6 7. Nd5 Na5 8. Bb3
Nxb3 9. axb3 c6 10. Nxf6+ gxf6 11. Bh4 Rg8 12. g3 Rg6 13. d4 exd4 14. Nxd4 Qb6
15. c3 Bh3 16. Rg1 O-O-O 17. f3 Re8 18. g4 h5 19. Qe2 Bxd4 20. cxd4 Qxd4 21.
Bf2 Qb4+ 22. Qd2 Qxd2+ 23. Kxd2 hxg4 24. Rg3 d5 25. Rag1 dxe4 26. fxg4 Bxg4 27.
Rxg4 Reg8 28. R4g3 f5 29. Ke3 Kd7 30. Kf4 Ke6 31. Rd1 Rg4+ 32. Rxg4 Rxg4+ 33.
Ke3 Ke5 34. Ke2 f4 35. Bd4+ Ke6 0-1

[Event "SR 3. liga A2 2007/2008"]
[Site "?"]
[Date "2008.01.12"]
[Round "6"]
[White "Sekera, Branislav"]
[Black "Doucha, Ludvik"]
[Result "1-0"]
[WhiteElo "2129"]
[BlackElo "2102"]
[PlyCount "75"]
[EventDate "2007.??.??"]

1. d4 Nf6 2. Nf3 g6 3. c4 Bg7 4. Nc3 O-O 5. e4 d6 6. Be2 Bg4 7. O-O Nfd7 8. h3
Bxf3 9. Bxf3 e5 10. d5 f5 11. Bd2 a5 12. Rb1 Na6 13. a3 Nf6 14. b4 axb4 15.
axb4 f4 16. Qe2 Qd7 17. Rfc1 h5 18. Kh2 Kf7 19. g3 Bh6 20. gxf4 Bxf4+ 21. Bxf4
exf4 22. Nb5 Rae8 23. Nd4 Rh8 24. Ne6 Rxe6 25. dxe6+ Qxe6 26. Rg1 c6 27. Rg5
Nd7 28. e5 Nxe5 29. c5 Kf6 30. Rbg1 Rh6 31. cxd6 Qxd6 32. Rd1 Nxf3+ 33. Qxf3
Qxb4 34. Rgg1 Nc5 35. Rge1 Rh7 36. Qe2 Kg5 37. Qe5+ Kh6 38. Rd4 1-0

[Event "SR 3. liga A2 2007/2008"]
[Site "?"]
[Date "2008.01.12"]
[Round "6"]
[White "Stetina, Erik"]
[Black "Lopatievov, Alexander"]
[Result "1-0"]
[WhiteElo "2085"]
[BlackElo "1905"]
[PlyCount "107"]
[EventDate "2007.??.??"]

1. e4 d6 2. Bc4 Nf6 3. Nc3 g6 4. d3 Bg7 5. Nge2 c6 6. Bb3 O-O 7. O-O Nbd7 8.
Ng3 b5 9. a3 Bb7 10. Be3 a6 11. f4 e6 12. h3 c5 13. Qd2 d5 14. exd5 exd5 15. d4
c4 16. Ba2 Qc7 17. Rae1 Rfe8 18. Bb1 Nb6 19. Nd1 Re7 20. c3 Rae8 21. Qf2 Ne4
22. Bxe4 dxe4 23. f5 Nd5 24. Ne2 h6 25. Bf4 Qc6 26. Ne3 g5 27. Nxd5 Qxd5 28.
Be3 f6 29. Ng3 Qf7 30. Qe2 Bd5 31. Qg4 Kf8 32. h4 Rb7 33. Bd2 $11 Rbe7 34. Be3
Rb8 35. Bd2 a5 36. hxg5 hxg5 37. Nh5 Rb6 38. Re3 Ke8 39. Ng3 Kd7 40. Rfe1 Rb8
41. Nxe4 Bxe4 42. Rxe4 Rxe4 43. Qxe4 Bf8 44. Be3 Bd6 45. Bf2 b4 46. axb4 axb4
47. Ra1 Kd8 48. d5 bxc3 49. bxc3 Rc8 50. Ra7 Bc7 51. d6 Qe8 52. dxc7+ Kd7 53.
Qd5+ Ke7 54. Bc5# 1-0

[Event "SR 3. liga A2 2007/2008"]
[Site "?"]
[Date "2008.01.12"]
[Round "6"]
[White "Mackovic, Miroslav"]
[Black "Sturdik, Igor"]
[Result "0-1"]
[WhiteElo "2033"]
[BlackElo "2020"]
[PlyCount "100"]
[EventDate "2007.??.??"]

1. b4 e5 2. Bb2 f6 3. b5 d5 4. e3 Be6 5. Be2 Bd6 6. Nf3 Ne7 7. O-O O-O 8. d3
Nd7 9. Nbd2 c6 10. c4 cxb5 11. cxb5 Rc8 12. h3 a5 13. g4 Qe8 14. e4 Nb6 15. Nh4
Qxb5 16. Rb1 Qd7 17. Bxe5 fxe5 18. Rxb6 Bc5 19. Rb2 Bd4 20. Rc2 Rxc2 21. Qxc2
Rc8 22. Qb1 b5 23. Nb3 Bb6 24. Nf5 Ng6 25. Bf3 dxe4 26. dxe4 Nf4 27. Kh2 Bxf5
28. exf5 Rc3 29. Rd1 Rd3 30. Rxd3 Qxd3 31. Qxd3 Nxd3 32. Bd5+ Kf8 33. f3 a4 34.
Nd2 Be3 35. Nb1 b4 36. Bc6 a3 37. Bd5 Nc1 38. Kg2 b3 39. Nxa3 bxa2 40. Nc2 Bd4
41. Bxa2 Nxa2 42. Nxd4 exd4 43. Kf2 Nc3 44. Ke1 Nd5 45. Kd2 Nf4 46. h4 Kf7 47.
g5 Ke7 48. Kc2 Kd6 49. Kb3 Ke5 50. Kc4 d3 0-1

[Event "SR 3. liga A2 2007/2008"]
[Site "?"]
[Date "2008.01.12"]
[Round "6"]
[White "Bukovsky, Milan"]
[Black "Kozinka, Roman"]
[Result "1-0"]
[WhiteElo "2024"]
[BlackElo "1992"]
[PlyCount "43"]
[EventDate "2007.??.??"]

1. c4 Nf6 2. Nc3 d5 3. cxd5 Nxd5 4. g3 e5 5. Bg2 c6 6. Nxd5 cxd5 7. Qb3 e4 8.
d3 Nc6 9. a3 Bc5 10. dxe4 Qa5+ 11. Kf1 dxe4 12. Bxe4 Be6 13. Qxb7 O-O 14. Bf4
Rab8 15. Bxb8 Rxb8 16. Qxc6 Rc8 17. Qb7 Rc7 18. Qb8+ Rc8 19. b4 Qd8 20. Qf4 Qd4
21. Re1 Bd6 22. Bxh7+ 1-0

[Event "SR 3. liga A2 2007/2008"]
[Site "?"]
[Date "2008.01.12"]
[Round "6"]
[White "Zarecky, Eduard"]
[Black "Krist, Milan"]
[Result "1-0"]
[WhiteElo "1906"]
[BlackElo "2055"]
[PlyCount "73"]
[EventDate "2007.??.??"]

1. d4 d5 2. c4 e6 3. Nc3 Nf6 4. Nf3 Bb4 5. Bd2 O-O 6. a3 Be7 7. e3 b6 8. cxd5
exd5 9. Bd3 Bg4 10. Rc1 c5 11. h3 Bh5 12. Be2 Nc6 13. Qa4 cxd4 14. exd4 Na5 15.
Ne5 Bxe2 16. Nxe2 Ne4 17. Bxa5 bxa5 18. Nc6 Qd6 19. Nxe7+ Qxe7 20. Qxa5 Qg5 21.
O-O Rfb8 22. Rc2 h6 23. Nc3 Nd2 24. f4 Nc4 25. fxg5 Nxa5 26. gxh6 Rd8 27. Rcf2
Rd7 28. h7+ Kxh7 29. Rxf7 Rxf7 30. Rxf7 Rd8 31. Rxa7 Nc6 32. Ra4 Kg8 33. Kf2
Kf7 34. Ke3 Re8+ 35. Kd3 Ke6 36. Ra6 Kd6 37. b4 1-0

[Event "SR 3. liga A2 2007/2008"]
[Site "?"]
[Date "2008.01.12"]
[Round "6"]
[White "Mosny, Jaroslav"]
[Black "Lukac, Tomas"]
[Result "1-0"]
[WhiteElo "2014"]
[BlackElo "1819"]
[PlyCount "61"]
[EventDate "2007.??.??"]

1. d4 Nf6 2. Nf3 g6 3. g3 Bg7 4. Bg2 O-O 5. O-O d5 6. b3 c5 7. e3 Bg4 8. h3
Bxf3 9. Bxf3 cxd4 10. exd4 Nc6 11. Bb2 Rc8 12. c4 e6 13. Nd2 dxc4 14. Nxc4 Nd5
15. Qd2 Qf6 16. Bxd5 exd5 17. Ne5 Rfe8 18. Rac1 Nxe5 19. dxe5 Qf5 20. Qxd5 Qxh3
21. Qxb7 h5 22. Qe4 Bh6 23. Rxc8 Rxc8 24. Re1 h4 25. Qxh4 Qxh4 26. gxh4 Rc2 27.
Bd4 Rxa2 28. e6 fxe6 29. Rxe6 Kf7 30. Rc6 Bf4 31. Rf6+ 1-0

[Event "SR 3. liga A2 2007/2008"]
[Site "?"]
[Date "2008.01.12"]
[Round "6"]
[White "Gajarsky, Julius"]
[Black "Puchart, Vladimir"]
[Result "0-1"]
[WhiteElo "1820"]
[BlackElo "2024"]
[PlyCount "48"]
[EventDate "2007.??.??"]

1. d4 Nf6 2. c4 e6 3. Nc3 d5 4. Nf3 Be7 5. Qc2 O-O 6. e4 dxe4 7. Nxe4 Nbd7 8.
Be2 Nxe4 9. Qxe4 c5 10. O-O Qb6 11. b3 cxd4 12. Qxd4 Bf6 13. Qxb6 axb6 14. Be3
Bxa1 15. Rxa1 e5 16. g4 f6 17. Nd2 Rd8 18. Bf3 Kf8 19. Bd5 Ke7 20. h4 Nc5 21.
f3 Be6 22. Bxe6 Nxe6 23. Ne4 Nd4 24. Nd2 Nc2 0-1

[Event "SR 3. liga A2 2007/2008"]
[Site "?"]
[Date "2008.01.12"]
[Round "6"]
[White "Steinecker, Frantisek"]
[Black "Kozinka, Jan"]
[Result "1-0"]
[WhiteElo "1720"]
[BlackElo "1766"]
[PlyCount "83"]
[EventDate "2007.??.??"]

1. Nf3 d5 2. g3 Nf6 3. Bg2 Nc6 4. d3 h6 5. Nbd2 e5 6. O-O Bd6 7. c4 Be6 8. cxd5
Nxd5 9. Nc4 O-O 10. Ne3 Nf6 11. b3 Qd7 12. Bb2 Bh3 13. Rc1 Rad8 14. Nc4 Bxg2
15. Kxg2 Rfe8 16. a3 Qe7 17. Nxd6 Qxd6 18. Qc2 e4 19. dxe4 Nxe4 20. Rfd1 Qe6
21. e3 a6 22. Nd4 Nxd4 23. Rxd4 Rxd4 24. Bxd4 c6 25. f3 Ng5 26. g4 Qd5 27. Rf1
Ne6 28. Rd1 Nxd4 29. Rxd4 Qa5 30. Qc1 Qg5 31. Rf4 h5 32. Qc4 Re6 33. h3 hxg4
34. hxg4 Qe7 35. Kf2 Qxa3 36. Rd4 Qb2+ 37. Kg3 g5 38. Qc5 Rg6 39. Qe5 Kh7 40.
Qe8 Qb1 41. Qxf7+ Rg7 42. Qh5+ 1-0